000
00199nam a2200073Ia 4500
008
170817s9999 xx 000 0 und d
100
_a
Singh.Bharat
245
0
_a
Modern Educational Administration
260
_b
Anmol Publications Delhi
999
_c
38892
_d
38892